[Event "ICC tourney 1897 (3 2)"]
[Site "Internet Chess Club"]
[Date "2020.07.03"]
[Round "4"]
[White "avocuddle"]
[Black "Aniketshukla"]
[Result "0-1"]
[WhiteElo "1233"]
[BlackElo "1385"]
[PlyCount "40"]
[EventDate "2020.??.??"]

1. d4 d5 2. c4 e6 3. Nc3 Nf6 4. Bg5 Be7 5. Nf3 O-O 6. e3 Nbd7 7. Qc2 a6 8.
O-O-O dxc4 9. h4 b5 10. g4 Bb7 11. e4 b4 12. Bxf6 Nxf6 13. g5 bxc3 14. gxf6
Bxf6 15. bxc3 c5 16. Be2 cxd4 17. cxd4 Qa5 18. e5 Be7 19. Rhg1 Qa3+ 20. Kd2
Bb4+ 0-1

[Event "ICC tourney 1897 (3 2)"]
[Site "Internet Chess Club"]
[Date "2020.07.03"]
[Round "3"]
[White "ganzy"]
[Black "avocuddle"]
[Result "1-0"]
[WhiteElo "1397"]
[BlackElo "1267"]
[PlyCount "45"]
[EventDate "2020.??.??"]

1. e4 c6 2. d4 d5 3. e5 c5 4. c3 Nc6 5. f4 cxd4 6. cxd4 Bf5 7. Nc3 h5 8. Be2 e6
9. Nf3 Nh6 10. Be3 Ng4 11. Bg1 h4 12. Nd2 Nh6 13. Nb3 a6 14. Na4 Nb4 15. Kf1
Rc8 16. a3 Bc2 17. Qd2 Bxb3 18. axb4 Rc2 19. Qe3 Nf5 20. Qxb3 Rc8 21. b5 Qb6
22. Nxb6 Nxd4 23. Bxd4 1-0

[Event "ICC tourney 1897 (3 2)"]
[Site "Internet Chess Club"]
[Date "2020.07.03"]
[Round "1"]
[White "avocuddle"]
[Black "Kokoro"]
[Result "0-1"]
[WhiteElo "1317"]
[BlackElo "1483"]
[PlyCount "110"]
[EventDate "2020.??.??"]

1. d4 Nf6 2. c4 g6 3. f3 d5 4. cxd5 Nxd5 5. e4 Nb6 6. Nc3 Bg7 7. Be3 O-O 8. Qd2
Nc6 9. O-O-O Qd6 10. h4 Rd8 11. e5 Qe6 12. h5 Nxe5 13. d5 Qd6 14. Bf4 Qb4 15.
hxg6 hxg6 16. a3 Qb3 17. Qc2 Qxc2+ 18. Kxc2 Bf5+ 19. Kc1 c6 20. g4 Bd7 21. d6
exd6 22. Rxd6 Nbc4 23. Rd1 Be6 24. Nh3 Rxd1+ 25. Kxd1 Nxb2+ 26. Kc2 Nbc4 27.
Ng5 Nxa3+ 28. Kb2 Nec4+ 29. Bxc4 Nxc4+ 30. Kc2 Re8 31. Rb1 b5 32. Re1 Bd7 33.
Rxe8+ Bxe8 34. Nge4 Bd4 35. Bb8 a5 36. Bc7 Bd7 37. Ne2 Be3 38. Nf6+ Kf8 39.
Nxd7+ Ke7 40. Ne5 Nxe5 41. Bxe5 Ke6 42. Ba1 Kd5 43. Nc3+ Kc4 44. Ne4 b4 45.
Nd6+ Kc5 46. Nxf7 a4 47. Ne5 b3+ 48. Kb1 Kb4 49. Nxc6+ Kc4 50. Ne5+ Kb4 51.
Nxg6 a3 52. Ne5 a2+ 53. Kb2 Bd4+ 54. Kc1 Bxa1 55. Nd3+ Kc3 0-1

[Event "ICC tourney 1897 (3 2)"]
[Site "Internet Chess Club"]
[Date "2020.07.03"]
[Round "11"]
[White "HartensChkmate"]
[Black "investigator"]
[Result "0-1"]
[WhiteElo "1327"]
[BlackElo "1577"]
[PlyCount "116"]
[EventDate "2020.??.??"]

1. c4 Nf6 2. g3 g6 3. Bg2 Bg7 4. Nf3 d6 5. O-O O-O 6. Nc3 Nc6 7. d3 e5 8. Rb1
a5 9. a3 Re8 10. b4 axb4 11. axb4 e4 12. Nd2 exd3 13. exd3 Bf5 14. Nde4 Nd7 15.
b5 Nd4 16. Be3 Ne6 17. Nd5 Nec5 18. Nxc5 Nxc5 19. Bxc5 dxc5 20. b6 cxb6 21.
Rxb6 Ra3 22. Rxb7 Bxd3 23. Re1 Rxe1+ 24. Qxe1 Ra1 25. Qxa1 Bxa1 26. Ra7 Bd4 27.
Ra8 Qxa8 28. Ne7+ Kf8 29. Nxg6+ hxg6 30. Bxa8 Bxc4 31. Be4 Be2 32. h4 c4 33.
Bc2 Bd3 34. Bxd3 cxd3 35. Kf1 Bc3 36. f3 Ke7 37. Kf2 Ke6 38. Ke3 d2 39. Ke2 Kd5
40. g4 Ke5 41. h5 gxh5 42. gxh5 Kf5 43. f4 Kf6 44. h6 Kg6 45. f5+ Kxh6 46. f6
Kg6 47. Kd1 Kxf6 48. Ke2 Ke5 49. Kd1 f5 50. Ke2 f4 51. Kd1 f3 52. Kc2 Kd4 53.
Kd1 f2 54. Ke2 f1=Q+ 55. Kxf1 Ke3 56. Kg2 d1=Q 57. Kh2 Kf3 58. Kh3 Qh1# 0-1

[Event "ICC tourney 1897 (3 2)"]
[Site "Internet Chess Club"]
[Date "2020.07.03"]
[Round "9"]
[White "HartensChkmate"]
[Black "playtowin2020"]
[Result "0-1"]
[WhiteElo "1339"]
[BlackElo "1503"]
[PlyCount "102"]
[EventDate "2020.??.??"]

1. c4 c5 2. g3 Nc6 3. Bg2 g6 4. Nf3 Bg7 5. O-O Nf6 6. Nc3 O-O 7. d4 d6 8. dxc5
dxc5 9. Be3 Nd7 10. Rc1 Rb8 11. b3 b6 12. Bf4 e5 13. Bg5 f6 14. Qd5+ Kh8 15.
Qxc6 Bb7 16. Qd6 fxg5 17. Rcd1 Rf7 18. Qe6 Re7 19. Qd6 Bxf3 20. Bxf3 Qf8 21.
Qd2 Nf6 22. Qxg5 Bh6 23. Qh4 g5 24. Qh3 e4 25. Bg2 g4 26. Qh4 Qg7 27. Nxe4 Rxe4
28. Bxe4 Bg5 29. Qxg5 Qxg5 30. Bg2 Re8 31. Rd6 Rxe2 32. a3 Ne4 33. Re6 Nxg3 34.
fxg3 Rxe6 35. Bd5 Qe3+ 36. Kh1 Re8 37. b4 Qxa3 38. b5 Rd8 39. Rf4 a6 40. bxa6
Qxa6 41. Rxg4 Rxd5 42. Kg2 Rd2+ 43. Kh3 Qc8 44. Kh4 Rxh2+ 45. Kg5 h6+ 46. Kg6
Qxg4+ 47. Kf7 Rf2+ 48. Ke7 Qg7+ 49. Kd6 Rf6+ 50. Ke5 Qe7+ 51. Kd5 Qe6# 0-1

[Event "ICC tourney 1897 (3 2)"]
[Site "Internet Chess Club"]
[Date "2020.07.03"]
[Round "8"]
[White "Aniketshukla"]
[Black "HartensChkmate"]
[Result "1-0"]
[WhiteElo "1305"]
[BlackElo "1358"]
[PlyCount "57"]
[EventDate "2020.??.??"]

1. e4 c5 2. Nf3 Nc6 3. d4 cxd4 4. Nxd4 g6 5. Nc3 Bg7 6. Be3 Nf6 7. Bc4 O-O 8.
Bb3 Re8 9. f3 e6 10. Qd2 d5 11. exd5 Nxd5 12. Nxd5 exd5 13. O-O-O Qh4 14. Bf2
Qh5 15. g4 Qh3 16. Bxd5 Nxd4 17. Bxd4 Rd8 18. Bxg7 Kxg7 19. Qd4+ Kf8 20. Qh8+
Ke7 21. Rhe1+ Be6 22. Rxe6+ fxe6 23. Qg7+ Ke8 24. Qg8+ Kd7 25. Qf7+ Kd6 26.
Bxe6+ Kc6 27. Bd5+ Kd6 28. Bxb7+ Ke5 29. f4# 1-0

[Event "ICC tourney 1897 (3 2)"]
[Site "Internet Chess Club"]
[Date "2020.07.03"]
[Round "7"]
[White "HartensChkmate"]
[Black "ganzy"]
[Result "0-1"]
[WhiteElo "1392"]
[BlackElo "1426"]
[PlyCount "112"]
[EventDate "2020.??.??"]

1. c4 Nf6 2. g3 g6 3. Bg2 Bg7 4. Nf3 O-O 5. O-O Nc6 6. Nc3 e5 7. d3 d6 8. Rb1
a5 9. a3 Re8 10. b4 e4 11. Nxe4 Nxe4 12. dxe4 Rxe4 13. Ng5 Re7 14. Ne4 Bf5 15.
Bg5 Bxe4 16. Bxe4 f6 17. Bd5+ Kh8 18. Bd2 axb4 19. axb4 Rb8 20. b5 Ne5 21. Bc3
c6 22. bxc6 bxc6 23. Rxb8 Qxb8 24. Bxe5 cxd5 25. Bf4 g5 26. Qb1 Qc7 27. Qa2 h5
28. Qa8+ Kh7 29. Qxd5 gxf4 30. Qxh5+ Kg8 31. Qd5+ Kf8 32. Ra1 fxg3 33. Ra8+ Re8
34. Rxe8+ Kxe8 35. Qg8+ Bf8 36. hxg3 Qf7 37. Qg4 f5 38. Qd4 Qe7 39. Qd3 Qe5 40.
Qf3 Qe4 41. Qh5+ Kd7 42. Qf7+ Be7 43. e3 Qe6 44. Qh5 Qe4 45. Qf7 Qb1+ 46. Kg2
Qe4+ 47. f3 Qc2+ 48. Kh3 Kd8 49. Qg8+ Kc7 50. Qe8 Bd8 51. Qf7+ Kb6 52. Qd7 Bc7
53. Qb5+ Ka7 54. Qc6 Kb8 55. Qe8+ Ka7 56. Qb5 Qd1 0-1

[Event "ICC tourney 1897 (3 2)"]
[Site "Internet Chess Club"]
[Date "2020.07.03"]
[Round "6"]
[White "saiabhi29"]
[Black "HartensChkmate"]
[Result "1-0"]
[WhiteElo "1251"]
[BlackElo "1424"]
[PlyCount "149"]
[EventDate "2020.??.??"]

1. d4 Nf6 2. Bf4 d5 3. e3 e6 4. Nd2 c5 5. c3 Nc6 6. Ngf3 Be7 7. Bd3 O-O 8. O-O
a6 9. a4 Nh5 10. Bg3 Nxg3 11. hxg3 Rb8 12. Qe2 c4 13. Bc2 b5 14. axb5 axb5 15.
e4 b4 16. exd5 exd5 17. Ne5 Nxe5 18. Qxe5 Be6 19. Nf3 Bf6 20. Qe2 Re8 21. Qd2
bxc3 22. bxc3 Rb2 23. Bxh7+ Kxh7 24. Qxb2 Qd6 25. Rfe1 Rb8 26. Qc2+ g6 27. Ne5
Kg7 28. Ra7 Bxe5 29. dxe5 Qb6 30. Raa1 Qb3 31. Qd2 Qb6 32. Qg5 Qd8 33. Qe3 Qe7
34. Ra7 Rb7 35. Rea1 Rxa7 36. Rxa7 Qd8 37. Qc5 Qg5 38. Qe3 Qg4 39. Qf3 Qg5 40.
Qf4 Qh5 41. Qf6+ Kh7 42. Qh4 Qxh4 43. gxh4 Kh6 44. g3 Kh5 45. Kg2 Kg4 46. f3+
Kf5 47. Kf2 Kxe5 48. Ke3 Kd6 49. Kd4 Kc6 50. Ra6+ Kd7 51. Ra5 Kd6 52. g4 Ke7
53. Rxd5 Bxd5 54. Kxd5 Kf6 55. Kxc4 Ke5 56. Kc5 Kf4 57. Kd5 Kxf3 58. c4 Kxg4
59. c5 f5 60. c6 f4 61. c7 f3 62. c8=Q+ Kg3 63. Qc3 Kg2 64. Qd2+ f2 65. Ke5 Kg1
66. Qg5+ Kh1 67. Qf4 g5 68. hxg5 Kg1 69. Qxf2+ Kxf2 70. g6 Ke3 71. g7 Kd3 72.
g8=Q Ke3 73. Qg3+ Ke2 74. Ke4 Kf1 75. Qh2 1-0

[Event "ICC tourney 1897 (3 2)"]
[Site "Internet Chess Club"]
[Date "2020.07.03"]
[Round "3"]
[White "Mookmookarmy"]
[Black "HartensChkmate"]
[Result "1-0"]
[WhiteElo "1479"]
[BlackElo "1427"]
[PlyCount "43"]
[EventDate "2020.??.??"]

1. e4 c5 2. Nf3 Nc6 3. d4 cxd4 4. Nxd4 g6 5. Nc3 Bg7 6. Be3 Nf6 7. Bc4 O-O 8.
Bb3 Re8 9. O-O d6 10. h3 Na5 11. f4 Bd7 12. e5 Nh5 13. e6 fxe6 14. Nxe6 Bxe6
15. Bxe6+ Kh8 16. f5 Ng3 17. fxg6 Nxf1 18. Qh5 h6 19. Bxh6 Bd4+ 20. Be3+ Kg7
21. Bxd4+ Kf8 22. g7# 1-0

[Event "ICC tourney 1897 (3 2)"]
[Site "Internet Chess Club"]
[Date "2020.07.03"]
[Round "2"]
[White "GHAAngel"]
[Black "HartensChkmate"]
[Result "0-1"]
[WhiteElo "1690"]
[BlackElo "1487"]
[PlyCount "46"]
[EventDate "2020.??.??"]

1. d4 Nf6 2. c3 d5 3. Bf4 c5 4. e3 e6 5. Nd2 Nc6 6. Ngf3 Bd6 7. Bd3 Bxf4 8.
exf4 cxd4 9. cxd4 Qb6 10. Nb3 a5 11. a4 Qb4+ 12. Kf1 Ne4 13. Bxe4 dxe4 14. Ne5
f6 15. Nxc6 bxc6 16. Qc2 Rb8 17. Ra3 Ba6+ 18. Qe2 Bxe2+ 19. Kxe2 Qc4+ 20. Ke3
Rxb3+ 21. Rxb3 Qxb3+ 22. Kxe4 f5+ 23. Ke5 Qd5# 0-1

[Event "ICC tourney 1897 (3 2)"]
[Site "Internet Chess Club"]
[Date "2020.07.03"]
[Round "1"]
[White "HartensChkmate"]
[Black "ficorrales"]
[Result "0-1"]
[WhiteElo "1317"]
[BlackElo "1483"]
[PlyCount "102"]
[EventDate "2020.??.??"]

1. c4 Nf6 2. g3 g6 3. Bg2 Bg7 4. Nf3 O-O 5. O-O d6 6. Nc3 Nc6 7. d3 a6 8. Rb1
Rb8 9. b4 b5 10. a3 e5 11. Be3 Bd7 12. Qd2 Re8 13. Bh6 Bh8 14. Bg5 Qc8 15. Rfc1
bxc4 16. dxc4 Nd4 17. Nxd4 exd4 18. Nd5 Nxd5 19. Bxd5 c6 20. Bg2 Bh3 21. Bf3
Bg4 22. Qf4 Bxf3 23. Qxf3 Qd7 24. c5 d5 25. Qd3 Ra8 26. a4 Reb8 27. Bf4 Rc8 28.
b5 axb5 29. axb5 cxb5 30. Rxb5 Bf6 31. Qb3 Qf5 32. c6 g5 33. Rxd5 Qe6 34. Bxg5
Rxc6 35. Rxc6 Qxc6 36. Bxf6 Ra1+ 37. Kg2 Qxf6 38. Qd3 Ra4 39. Qe4 Kg7 40. h4 h6
41. Rf5 Qe6 42. Qf3 Rc4 43. Rf4 Rc3 44. Rg4+ Kh7 45. Qa8 Qxg4 46. f3 Qe6 47.
Qf8 Qxe2+ 48. Kh3 Qe6+ 49. Kg2 Rc2+ 50. Kf1 Qe2+ 51. Kg1 Qe1# 0-1

[Event "ICC tourney 1897 (3 2)"]
[Site "Internet Chess Club"]
[Date "2020.07.03"]
[Round "15"]
[White "hollyelf"]
[Black "ickyquarter"]
[Result "0-1"]
[WhiteElo "1639"]
[BlackElo "1637"]
[PlyCount "104"]
[EventDate "2020.??.??"]

1. e4 c5 2. Nf3 d6 3. d4 cxd4 4. Nxd4 Nf6 5. Nc3 g6 6. Be3 Bg7 7. Qd2 Ng4 8.
O-O-O Nxe3 9. Qxe3 O-O 10. h4 h5 11. f3 Nc6 12. Nxc6 bxc6 13. Bc4 Qa5 14. Nb1
Rb8 15. Bb3 c5 16. c3 Be6 17. Bxe6 fxe6 18. Na3 Kh7 19. g4 Qb6 20. Rh2 Be5 21.
Nc4 Bxh2 22. Nxb6 Bf4 23. Nd7 Bxe3+ 24. Kc2 Rbd8 25. Nxf8+ Rxf8 26. gxh5 gxh5
27. Rf1 e5 28. Kd3 Bh6 29. Ke2 Rf4 30. Rh1 Rf8 31. c4 Rb8 32. b3 Rb6 33. Kd3
Ra6 34. Rh2 Rb6 35. Rb2 Rb8 36. Ke2 a5 37. a4 Rg8 38. Kf2 Bf4 39. Kf1 Bg3 40.
Rg2 Rg6 41. Rg1 Kh6 42. Rh1 Bf4 43. Kf2 Rg8 44. Ke2 Rg2+ 45. Kd3 Rd2+ 46. Kc3
Rf2 47. Rh3 Rg2 48. Kd3 Rg6 49. Ke2 Rg8 50. Rh1 Kh7 51. Kf2 Bd2 52. Ke2 Bc3 0-1

[Event "ICC tourney 1897 (3 2)"]
[Site "Internet Chess Club"]
[Date "2020.07.03"]
[Round "14"]
[White "saiabhi29"]
[Black "hollyelf"]
[Result "0-1"]
[WhiteElo "1306"]
[BlackElo "1657"]
[PlyCount "168"]
[EventDate "2020.??.??"]

1. d4 d5 2. Bf4 c5 3. e3 Nc6 4. c3 Nf6 5. Nd2 Bf5 6. Qb3 Qb6 7. dxc5 Qxb3 8.
Nxb3 e5 9. Bg3 Ne4 10. Bb5 f6 11. Rd1 O-O-O 12. Nf3 Nxc5 13. Nxc5 Bxc5 14. O-O
a6 15. Be2 Rhe8 16. b4 Ba7 17. b5 axb5 18. Bxb5 Bg4 19. Be2 h5 20. h3 Bf5 21.
Nh4 Be4 22. Bxh5 Rh8 23. Be2 g5 24. Bg4+ Kb8 25. Nf5 Na5 26. Nd4 Rc8 27. Bxc8
Rxc8 28. Nb5 Rc5 29. Nxa7 Kxa7 30. Rc1 Nc4 31. Rfd1 Ra5 32. Ra1 Bc2 33. Rdc1
Bd3 34. h4 gxh4 35. Bxh4 f5 36. Be7 e4 37. Bb4 Ra6 38. Bc5+ b6 39. Bd4 Kb7 40.
a4 Kc6 41. g3 Nd2 42. Rd1 Nf3+ 43. Kg2 Bc2 44. Rh1 Rxa4 45. Rxa4 Bxa4 46. Rh6+
Kd7 47. Rxb6 Bc6 48. Ra6 Kc7 49. Ra7+ Bb7 50. Kh3 Kb8 51. g4 fxg4+ 52. Kxg4
Bc8+ 53. Kf4 Nxd4 54. Ra5 Ne2+ 55. Ke5 Nxc3 56. Rc5 Nd1 57. Rb5+ Bb7 58. Rb6
Nxf2 59. Rg6 Nd3+ 60. Kd4 Kc7 61. Rg7+ Kc8 62. Rg8+ Kc7 63. Rg7+ Kb6 64. Rg6+
Bc6 65. Rf6 Nb4 66. Rf1 Nc2+ 67. Kc3 Nxe3 68. Rb1+ Kc7 69. Kd4 Nc4 70. Rg1 Nb6
71. Rg7+ Nd7 72. Rf7 Kd6 73. Rh7 Ke6 74. Rh6+ Nf6 75. Rg6 Kf5 76. Rh6 e3 77.
Rh1 e2 78. Ke3 Bb5 79. Rb1 Bc4 80. Kd2 Ne4+ 81. Ke1 Nc5 82. Rb8 Ke4 83. Re8+
Kd4 84. Rh8 Ne4 0-1

[Event "ICC tourney 1897 (3 2)"]
[Site "Internet Chess Club"]
[Date "2020.07.03"]
[Round "12"]
[White "hollyelf"]
[Black "HartensChkmate"]
[Result "1-0"]
[WhiteElo "1649"]
[BlackElo "1320"]
[PlyCount "119"]
[EventDate "2020.??.??"]

1. e4 c5 2. Nf3 Nc6 3. d4 cxd4 4. Nxd4 g6 5. Bc4 Bg7 6. Nxc6 bxc6 7. O-O Nf6 8.
e5 Ng8 9. f4 Nh6 10. Kh1 O-O 11. Nc3 d5 12. exd6 exd6 13. Be3 d5 14. Nxd5 cxd5
15. Qxd5 Qxd5 16. Bxd5 Rb8 17. Bxa7 Rxb2 18. Bc5 Rxc2 19. Bxf8 Bxa1 20. Bxh6
Bf6 21. Re1 Bd7 22. h3 Bh4 23. Rb1 Bg3 24. Rb8+ Bc8 25. Rb1 Bf5 26. Be4 Rc8 27.
Bxf5 gxf5 28. a4 f6 29. Kg1 Kf7 30. Kf1 Kg6 31. Rb3 Bh2 32. g3 Kxh6 33. Kg2
Rc2+ 34. Kh1 Ra2 35. a5 Kg6 36. a6 h5 37. a7 h4 38. a8=Q Rxa8 39. Kxh2 Ra2+ 40.
Kg1 hxg3 41. Rxg3+ Kh5 42. Rg2 Kh4 43. Rxa2 Kxh3 44. Rg2 Kh4 45. Kf2 Kh5 46.
Kf3 Kh6 47. Ke3 Kh5 48. Kd4 Kh4 49. Kd5 Kh3 50. Rg8 Kh4 51. Ke6 Kh5 52. Kxf6
Kh4 53. Kxf5 Kh3 54. Ke4 Kh4 55. f5 Kh5 56. f6 Kh6 57. f7 Kh7 58. Kf5 Kh6 59.
f8=Q+ Kh5 60. Rh8# 1-0

[Event "ICC tourney 1897 (3 2)"]
[Site "Internet Chess Club"]
[Date "2020.07.03"]
[Round "10"]
[White "ganzy"]
[Black "hollyelf"]
[Result "1-0"]
[WhiteElo "1462"]
[BlackElo "1651"]
[PlyCount "33"]
[EventDate "2020.??.??"]

1. e4 e5 2. Nf3 Nc6 3. Nc3 Nf6 4. Bb5 Nd4 5. Bc4 d6 6. Ng5 d5 7. Nxd5 Nxd5 8.
Nxf7 Kxf7 9. Qh5+ g6 10. Qxe5 Bg7 11. Bxd5+ Kf8 12. Qf4+ Qf6 13. Qxc7 Be6 14.
Bxb7 Re8 15. d3 Kg8 16. Be3 Rf8 17. O-O 1-0

[Event "ICC tourney 1897 (3 2)"]
[Site "Internet Chess Club"]
[Date "2020.07.03"]
[Round "7"]
[White "hollyelf"]
[Black "investigator"]
[Result "0-1"]
[WhiteElo "1646"]
[BlackElo "1644"]
[PlyCount "68"]
[EventDate "2020.??.??"]

1. e4 d6 2. d4 Nf6 3. Nc3 g6 4. Nf3 Bg7 5. Bd3 O-O 6. h3 Nc6 7. Be3 a6 8. Qd2
e5 9. d5 Ne7 10. Bh6 c6 11. Bxg7 Kxg7 12. dxc6 bxc6 13. h4 Bg4 14. Be2 h6 15.
Rd1 Bxf3 16. Bxf3 Nc8 17. g4 Ne8 18. Qe3 Nc7 19. Bg2 Ne6 20. Ne2 Qe7 21. f4
exf4 22. Nxf4 Nc5 23. b4 Nd7 24. Qd4+ Qe5 25. Qxe5+ Nxe5 26. g5 hxg5 27. hxg5
Rd8 28. Nd3 Nb6 29. Nxe5 dxe5 30. Ke2 Na4 31. Ke3 Nb2 32. Rxd8 Rxd8 33. Bf1 Rd1
34. Ke2 Rd4 0-1

[Event "ICC tourney 1897 (3 2)"]
[Site "Internet Chess Club"]
[Date "2020.07.03"]
[Round "6"]
[White "GHAAngel"]
[Black "hollyelf"]
[Result "1-0"]
[WhiteElo "1656"]
[BlackElo "1659"]
[PlyCount "61"]
[EventDate "2020.??.??"]

1. d4 d5 2. c4 c6 3. Nc3 Nf6 4. cxd5 cxd5 5. Nf3 Nc6 6. Bf4 a6 7. e3 Bg4 8. Be2
Rc8 9. Qb3 Na5 10. Qa4+ b5 11. Nxb5 axb5 12. Bxb5+ Bd7 13. Ne5 Nc4 14. Rc1 e6
15. O-O Be7 16. b3 Nb6 17. Rxc8 Qxc8 18. Bxd7+ Nfxd7 19. Qb5 O-O 20. a4 Nxe5
21. Bxe5 Nd7 22. Bg3 Nf6 23. f3 Qc3 24. Re1 Bb4 25. Rb1 Qxe3+ 26. Bf2 Qc3 27.
a5 Bxa5 28. b4 Bc7 29. Qf1 Bd6 30. b5 Rc8 31. b6 1-0

[Event "ICC tourney 1897 (3 2)"]
[Site "Internet Chess Club"]
[Date "2020.07.03"]
[Round "3"]
[White "hollyelf"]
[Black "Bo002"]
[Result "0-1"]
[WhiteElo "1700"]
[BlackElo "1708"]
[PlyCount "110"]
[EventDate "2020.??.??"]

1. e4 c5 2. Nf3 Nc6 3. d4 cxd4 4. Nxd4 Nf6 5. Nc3 e5 6. Ndb5 d6 7. Bg5 a6 8.
Na3 b5 9. Bxf6 gxf6 10. Nd5 f5 11. Bd3 Be6 12. Qf3 Bxd5 13. exd5 e4 14. Qh5 Nd4
15. Be2 b4 16. Nc4 Nxc2+ 17. Kd2 Nxa1 18. Rxa1 Qf6 19. Kc2 Bg7 20. Rb1 O-O 21.
g4 f4 22. g5 Qd4 23. f3 Rac8 24. Kb3 Qxd5 25. fxe4 Qxe4 26. Qf3 Rxc4 27. Qxe4
Rxe4 28. Bxa6 f3 29. Rf1 Rf4 30. Rf2 Bd4 31. Rf1 f2 32. Kxb4 Re8 33. Kb3 Re1
34. a4 Rxf1 35. Bxf1 Re4 36. a5 Re1 37. Bg2 f1=Q 38. Bxf1 Rxf1 39. Kc4 Bc5 40.
b4 Rf4+ 41. Kb5 Rxb4+ 42. Ka6 Ra4 43. Kb5 Ra1 44. h4 Kg7 45. h5 h6 46. gxh6+
Kxh6 47. Ka6 f5 48. Kb5 f4 49. Ka6 f3 50. Kb7 f2 51. a6 f1=Q 52. Kb8 Qxa6 53.
Kc7 Qb5 54. Kd8 Qb7 55. Ke8 Ra8# 0-1

[Event "ICC tourney 1897 (3 2)"]
[Site "Internet Chess Club"]
[Date "2020.07.03"]
[Round "2"]
[White "avocuddle"]
[Black "hollyelf"]
[Result "0-1"]
[WhiteElo "1314"]
[BlackElo "1706"]
[PlyCount "68"]
[EventDate "2020.??.??"]

1. d4 d5 2. c4 c6 3. Nf3 Nf6 4. Nc3 e6 5. Bg5 dxc4 6. a4 b5 7. axb5 cxb5 8.
Nxb5 Qb6 9. Nc3 Qxb2 10. Qc1 Qxc1+ 11. Rxc1 Bb4 12. Bxf6 gxf6 13. Nd2 Ba6 14.
e3 Ke7 15. Be2 Rc8 16. Bf3 Nc6 17. Ke2 Rab8 18. d5 Ne5 19. e4 Nd3 20. Rc2 Nf4+
21. Kd1 e5 22. Ne2 Nd3 23. Rf1 Bb5 24. Nb1 Ba4 25. Nbc3 Bxc3 26. Nxc3 Bxc2+ 27.
Kxc2 Rb2+ 28. Kd1 Rb3 29. Kd2 Rb2+ 30. Kd1 Nxf2+ 31. Kc1 Nd3+ 32. Kd1 Rcb8 33.
Be2 R8b3 34. Na4 Ra2 0-1

[Event "ICC tourney 1897 (3 2)"]
[Site "Internet Chess Club"]
[Date "2020.07.03"]
[Round "1"]
[White "hollyelf"]
[Black "fishbein"]
[Result "0-1"]
[WhiteElo "1706"]
[BlackElo "2520"]
[PlyCount "52"]
[EventDate "2020.??.??"]

1. e4 e5 2. Nf3 Nc6 3. Bc4 Nf6 4. d3 Be7 5. O-O O-O 6. Re1 d6 7. c3 Na5 8. Nbd2
Nxc4 9. Nxc4 Be6 10. Ne3 h6 11. c4 Nd7 12. Nd5 c6 13. Nxe7+ Qxe7 14. b3 c5 15.
Bb2 f5 16. Nd2 f4 17. f3 g5 18. Nf1 Nf6 19. h3 h5 20. Nh2 Rf7 21. Kf2 Rg7 22.
Rh1 g4 23. hxg4 hxg4 24. Nxg4 Bxg4 25. fxg4 Nxg4+ 26. Ke1 Qg5 0-1

[Event "ICC tourney 1897 (3 2)"]
[Site "Internet Chess Club"]
[Date "2020.07.03"]
[Round "10"]
[White "premierchess"]
[Black "chessdi"]
[Result "0-1"]
[WhiteElo "1735"]
[BlackElo "2270"]
[PlyCount "110"]
[EventDate "2020.??.??"]

1. e4 c5 2. Nf3 e6 3. d4 cxd4 4. Nxd4 a6 5. Bd3 Qc7 6. O-O Nf6 7. c4 Bc5 8. Nb3
Be7 9. Nc3 d6 10. Qe2 b6 11. Be3 Bb7 12. Rac1 Nbd7 13. f3 Nc5 14. Nxc5 dxc5 15.
f4 O-O 16. e5 Nd7 17. Qh5 g6 18. Qh6 Rad8 19. Be4 Rfe8 20. Rf3 Bf8 21. Qh4 Bxe4
22. Nxe4 Qc6 23. Nc3 Bg7 24. Rcf1 b5 25. Rh3 Nf8 26. cxb5 axb5 27. Qg4 b4 28.
Ne2 Rd3 29. Qf3 Qxf3 30. Rhxf3 Nd7 31. Nc1 Rd5 32. Bf2 c4 33. b3 Rc8 34. bxc4
Rxc4 35. g3 Bf8 36. Rd3 Rxd3 37. Nxd3 Rc2 38. Rb1 Rxa2 39. Nxb4 Rd2 40. Nc6 Nc5
41. Rb8 Ne4 42. Be3 Rd3 43. Bb6 Kg7 44. Kg2 h5 45. Rb7 Bc5 46. Nd8 Bxb6 47.
Nxe6+ Kg8 48. Rb8+ Kh7 49. Nf8+ Kg7 50. Nxg6 Ba7 51. Rb6 Bxb6 52. Ne7 Kf8 53.
Nf5 Rd2+ 54. Kf3 Nc3 55. h3 Rf2# 0-1

[Event "ICC tourney 1897 (3 2)"]
[Site "Internet Chess Club"]
[Date "2020.07.03"]
[Round "9"]
[White "chessdi"]
[Black "Kokoro"]
[Result "1-0"]
[WhiteElo "2269"]
[BlackElo "1822"]
[PlyCount "173"]
[EventDate "2020.??.??"]

1. d4 Nf6 2. c4 g6 3. Nc3 d5 4. cxd5 Nxd5 5. Bd2 Bg7 6. e4 Nb6 7. Be3 O-O 8. h3
Nc6 9. Nf3 e5 10. d5 Na5 11. Nd2 c6 12. b4 cxd5 13. Bxb6 axb6 14. bxa5 d4 15.
Nd5 bxa5 16. Bc4 Be6 17. O-O Qd6 18. a4 Rfc8 19. Qb3 Bh6 20. Nf3 Kg7 21. Rab1
Rc6 22. Qxb7 Rac8 23. Bb5 Rc2 24. Qe7 Qxe7 25. Nxe7 f5 26. Nxc8 fxe4 27. Nxe5
Bxc8 28. f4 d3 29. Rbc1 Rxc1 30. Rxc1 d2 31. Rd1 Bxf4 32. Nc4 e3 33. Kf1 Bf5
34. Na3 Be4 35. Be2 Bd6 36. Nc4 Bf4 37. Nxa5 h5 38. Nc4 Bc2 39. a5 Bxd1 40.
Bxd1 Bb8 41. Nxe3 Ba7 42. Nc4 Kf6 43. Nxd2 Ke5 44. a6 Kf4 45. Nc4 Kg3 46. Na5
Be3 47. Nc6 h4 48. a7 Bxa7 49. Nxa7 g5 50. Bf3 Kh2 51. Nc6 Kh1 52. Ne5 Kh2 53.
Nf7 Kg3 54. Nxg5 Kf4 55. Ne4 Kf5 56. Kf2 Kf4 57. Nd2 Ke5 58. Be2 Kf5 59. Nf3
Kf4 60. Nxh4 Kg5 61. Nf3+ Kf4 62. Bf1 Kf5 63. g3 Kg6 64. Ke3 Kh6 65. Kf4 Kh5
66. g4+ Kg6 67. h4 Kh6 68. g5+ Kg6 69. Kg4 Kg7 70. h5 Kh7 71. Kf5 Kg7 72. g6
Kh6 73. Kf6 Kxh5 74. g7 Kg4 75. g8=Q+ Kxf3 76. Qg2+ Kf4 77. Qg5+ Ke4 78. Bg2+
Kd4 79. Qe5+ Kc4 80. Bd5+ Kb4 81. Be6 Ka3 82. Bc8 Ka2 83. Qb5 Ka3 84. Ke5 Ka2
85. Kd4 Ka1 86. Kc3 Ka2 87. Qb2# 1-0

[Event "ICC tourney 1897 (3 2)"]
[Site "Internet Chess Club"]
[Date "2020.07.03"]
[Round "8"]
[White "PushU2Blunders"]
[Black "chessdi"]
[Result "1-0"]
[WhiteElo "1858"]
[BlackElo "2268"]
[PlyCount "47"]
[EventDate "2020.??.??"]

1. e4 c5 2. Nf3 e6 3. d4 cxd4 4. Nxd4 a6 5. Nc3 Qc7 6. Be3 Nf6 7. a3 b5 8. Be2
Bb7 9. O-O Nxe4 10. Nxe4 Bxe4 11. c3 Be7 12. a4 b4 13. Bf3 Bxf3 14. Qxf3 d5 15.
c4 Qxc4 16. Rfc1 Qd3 17. Rc8+ Bd8 18. Rxd8+ Kxd8 19. Qxf7 Nd7 20. Nxe6+ Kc8 21.
Rc1+ Kb8 22. Bf4+ Kb7 23. Qxd7+ Kb6 24. Qc7# 1-0

[Event "ICC tourney 1897 (3 2)"]
[Site "Internet Chess Club"]
[Date "2020.07.03"]
[Round "7"]
[White "chessdi"]
[Black "ficorrales"]
[Result "0-1"]
[WhiteElo "2290"]
[BlackElo "1919"]
[PlyCount "88"]
[EventDate "2020.??.??"]

1. d4 Nf6 2. c4 g6 3. Nc3 d5 4. cxd5 Nxd5 5. Bd2 Bg7 6. e4 Nb6 7. Be3 O-O 8. h3
Nc6 9. Nf3 f5 10. exf5 Bxf5 11. Qb3+ Kh8 12. Rd1 a5 13. a3 a4 14. Qa2 Bc2 15.
Rd2 Bb3 16. Qb1 Rxf3 17. gxf3 Qf8 18. f4 Rd8 19. h4 Nxd4 20. Qe4 e5 21. h5 Qf5
22. Bd3 Nf3+ 23. Qxf3 Rxd3 24. hxg6 Rxd2 25. Rxh7+ Kg8 26. Bxd2 Qxg6 27. Rh1
Qc2 28. Qxb7 Qxb2 29. Qb8+ Bf8 30. Rh8+ Kxh8 31. Qxf8+ Kh7 32. Qf5+ Kg8 33.
Qg5+ Kf8 34. Qf6+ Bf7 35. Qd8+ Kg7 36. Qg5+ Kh7 37. Qh4+ Kg7 38. Qg5+ Kf8 39.
Qd8+ Be8 40. Qf6+ Kg8 41. Qg5+ Kf7 42. Qf5+ Ke7 43. Qxe5+ Kd7 44. Qf5+ Kd8 0-1

[Event "ICC tourney 1897 (3 2)"]
[Site "Internet Chess Club"]
[Date "2020.07.03"]
[Round "6"]
[White "manest"]
[Black "chessdi"]
[Result "1-0"]
[WhiteElo "2792"]
[BlackElo "2301"]
[PlyCount "69"]
[EventDate "2020.??.??"]

1. Nf3 c5 2. d4 cxd4 3. c3 dxc3 4. Nxc3 e6 5. e4 d6 6. Bc4 a6 7. O-O Ne7 8. Qe2
Ng6 9. Rd1 Be7 10. Be3 Nc6 11. Rac1 O-O 12. Bb3 Bd7 13. Na4 b5 14. Nb6 Rb8 15.
Nxd7 Qxd7 16. g3 Na5 17. Bc2 Rfc8 18. Bd3 Bf6 19. b3 Nc6 20. Bb1 a5 21. h4 h6
22. h5 Nge5 23. Nh2 Nb4 24. Rxc8+ Rxc8 25. f4 Nec6 26. a3 Na6 27. Qxb5 Nc7 28.
Qa4 d5 29. Ng4 Be7 30. Rc1 Ne8 31. Bd3 dxe4 32. Bxe4 Ne5 33. Rxc8 Qd1+ 34. Kg2
Qe2+ 35. Nf2 1-0